লোডিং...

Garden spells

গ্রন্থ-পঞ্জীর বিবরন
প্রধান লেখক: Addison, Sarah
অন্যান্য লেখক: Allen
বিন্যাস: Printed Book
ভাষা:English
প্রকাশিত: London Hodder & Stoughton 2007
বিষয়গুলি:
LEADER 00761nam a2200253 a 4500
001 adlib96000001
003 ViArRB
005 20151026132354.0
008 960221s1955 dcuabcdjdbkoqu001 0deng d
020 |a 9780340935729 
022
040 |a Adlib 
082 |a F 
245 |a Garden spells 
250
260 |a London  |b Hodder & Stoughton  |c 2007 
300 |a [ ] , 291p 
500 |a   
100 |a Addison, Sarah 
700 |a Allen 
942 |c BK  |6 _ 
653 |a Short Stories - English Literature  |a Age of Anxiety  |a Black Sunday  |a English Literature - Fiction  |a FE  |a f-e  |a Fiction - English Literature 
999 |c 47328  |d 47328 
952 |0 0  |1 0  |4 0  |6 F_ADD  |7 0  |9 59895  |a UL  |b UL  |d 2010-06-16  |l 17  |o F ADD  |p 00061072  |r 2015-06-22  |s 2015-06-05  |w 2010-06-16  |y BK